Tableegh-i-din/ (Record no. 34824)

MARC details
000 -LEADER
fixed length control field 00399nam a22001577a 4500
005 - DATE AND TIME OF LATEST TRANSACTION
control field 20240611134920.0
008 - FIXED-LENGTH DATA ELEMENTS--GENERAL INFORMATION
fixed length control field 231207b |||||||| |||| 00| 0 eng d
082 ## - DEWEY DECIMAL CLASSIFICATION NUMBER
Classification number 297.5
Item number GHA
100 ## - MAIN ENTRY--AUTHOR
Author Name Ghazali, Imam
245 ## - TITLE STATEMENT
Title Tableegh-i-din/
Statement of responsibility, etc. Imam Ghazali
260 ## - PUBLICATION, DISTRIBUTION, ETC.
Place of Publication Lahore;
Name of publisher, distributor, etc. Kutab Khana Jameeli;
Date of publication, distribution, etc. 2001.
300 ## - PHYSICAL DESCRIPTION
Pages 319 p.:
650 ## - SUBJECT ADDED ENTRY--TOPICAL TERM
Subject / Department Other religion/Islam
300 ## - PHYSICAL DESCRIPTION
-- 18 cm.

No items available.

Powered by Koha